Problemas contemporáneos de Antropología y Bioética

Saved in:
Bibliografiske detaljer
Hovedforfatter: Carrasco, María Alejandra (Author)
Format: Bog
Sprog:spansk
Udgivet: Santiago Instituto de Estudios de la Sociedad 2008
Udgivelse:1a. ed
Serier:Temas Actuales
Fag:
Tags: Tilføj Tag
Ingen Tags, Vær først til at tagge denne postø!

MARC

LEADER 00000cam a2200000 a 4500
001 UCD6067
003 CL-VaPUC
008 161118e20080000cl |||||||||||||||||spa|d
020 |a 9789568639020 
082 0 4 |a 174.957  |b CAR  |2 21 
100 0 |a Carrasco, María Alejandra  |e author  |9 589775 
245 1 0 |a Problemas contemporáneos de Antropología y Bioética 
250 |a 1a. ed 
300 |a 193 p 
942 |c BK 
945 |d 20161118 09:36:00  |a dcastane 
260 |a Santiago  |b Instituto de Estudios de la Sociedad  |c 2008 
650 0 |a Vida humana  |9 334108 
650 0 |a Bioética  |9 256117 
650 0 |a Antropología   |9 233030 
650 0 |a Teología moral   |9 256617 
583 |a last modification  |c 20161118 09:36:00  |k Rodrigo Vera 
490 0 |a Temas Actuales 
999 |c 366490  |d 366488 
952 |0 0  |1 0  |3 erd  |4 0  |6 174_957000000000000_CAR_2008  |7 0  |8 A  |9 480757  |a BIBEDU  |b BIBEDU  |i 5348161  |o 174.957 CAR 2008  |p 5348161  |r 2019-11-24  |w 2019-11-24  |y BK  |z Catalogado en:20161118  |k FIL 
952 |0 0  |1 0  |3 erd  |4 0  |6 174_957000000000000_CAR_2008  |7 0  |8 A  |9 480758  |a BIBTEO  |b BIBTEO  |i 5371503  |o 174.957 CAR 2008  |p 5371503  |r 2025-01-17  |w 2019-11-24  |y BK  |z Catalogado en:20170407  |k ICR